NLSUI OPAC header image

Company notices, meetings and resolutions : Along with exhaustive practical illustrations, reference notes and judicial proceedents (Record no. 11923)

MARC details
000 -LEADER
fixed length control field 00508nam a2200157Ia 4500
008 - FIXED-LENGTH DATA ELEMENTS--GENERAL INFORMATION
fixed length control field 160316s1995 xxu||||| |||| 00| 0 eng d
082 ## - DEWEY DECIMAL CLASSIFICATION NUMBER
Classification number 346.066450
Item number SUR
100 ## - MAIN ENTRY--PERSONAL NAME
Personal name Suryanarayana R
245 ## - TITLE STATEMENT
Title Company notices, meetings and resolutions : Along with exhaustive practical illustrations, reference notes and judicial proceedents
250 ## - EDITION STATEMENT
Edition statement
260 ## - PUBLICATION, DISTRIBUTION, ETC.
Place of publication, distribution, etc. Calcutta
Name of publisher, distributor, etc. Kamal Law House
Date of publication, distribution, etc. 1995
300 ## - PHYSICAL DESCRIPTION
Extent 1200p
Other physical details
Dimensions
365 ## - TRADE PRICE
Price amount 600/-
650 ## - SUBJECT ADDED ENTRY--TOPICAL TERM
Topical term or geographic name entry element 1. Company Law - Secretarial Practice
700 ## - ADDED ENTRY--PERSONAL NAME
Personal name
--
Holdings
Withdrawn status Lost status Damaged status Not for loan Home library Current library Shelving location Date acquired Cost, normal purchase price Total Checkouts Full call number Barcode Date last seen Price effective from Koha item type
        NLS NLS Library Compactors 30/05/2017 600.00   346.06645 SUR 12226 30/05/2017 30/05/2017 BOOKs